The esoteric path to a new life / (Record no. 31124)

000 -LEADER
fixed length control field 00509nam a22001697a 4500
008 - FIXED-LENGTH DATA ELEMENTS--GENERAL INFORMATION
fixed length control field 220223b |||||||| |||| 00| 0 eng d
020 ## - INTERNATIONAL STANDARD BOOK NUMBER
International Standard Book Number 9780911203448
050 ## - LIBRARY OF CONGRESS CALL NUMBER
Classification number PR 9387 .H69 2000
100 ## - MAIN ENTRY--PERSONAL NAME
Personal name Howard,vernon
245 ## - TITLE STATEMENT
Title The esoteric path to a new life /
Statement of responsibility, etc. Verno, Howard
250 ## - EDITION STATEMENT
Edition statement 2nd ed.
260 ## - PUBLICATION, DISTRIBUTION, ETC. (IMPRINT)
Place of publication, distribution, etc. US:
Name of publisher, distributor, etc. Garden Grove,
Date of publication, distribution, etc. 2000.
300 ## - PHYSICAL DESCRIPTION
Extent 61p.:
Other physical details ill. ;
Dimensions 10cm
500 ## - GENERAL NOTE
General note includes bibliographic references.
600 ## - SUBJECT ADDED ENTRY--PERSONAL NAME
Source of heading or term Success
942 ## - ADDED ENTRY ELEMENTS (KOHA)
Source of classification or shelving scheme
Koha item type Hard Covered Materials
Classification part PR 9387 .H69 2000
Holdings
Withdrawn status Lost status Source of classification or shelving scheme Damaged status Not for loan Home library Current library Shelving location Date acquired Source of acquisition Cost, normal purchase price Total Checkouts Full call number Barcode Date last seen Price effective from Koha item type
          MACHAKOS UNIVERSITY LIBRARY MACHAKOS UNIVERSITY LIBRARY Open shelf 23/02/2022 Damaris Mwanza 771.00   PR 9387 .H69 2000 23791 23/02/2022 23/02/2022 Hard Covered Materials
© Machakos University Library, Along The Highway, Machakos Wote Rd, Machakos, Kenya P.O. Box 136 - 90100 Machakos - Kenya

Tel: ( +254 ) 723 805829 OR Fax : 044-20353 OR Email: library@mksu.ac.ke